000 00279nam a22001337a 4500
020 _a0-7214-2125-3
082 _a823
_bYAT/J
100 _aYATES, IRENE
245 _aJOE'S SHOWBOAT
260 _aUK
_bLADY BIRD
300 _a31
650 _a ENGLISH SHORT STORY
_zUK
942 _cBK
999 _c2468
_d2468